书目信息 |
| 题名: |
中国通史
|
|
| 作者: | 戴逸 , 龚书铎 | |
| 分册: | 第四卷 | |
| 出版信息: | 海燕出版社 |
|
| 页数: | 223页 | |
| 开本: | 20cm | |
| 丛书名: | ||
| 单 册: | ||
| 中图分类: | G104.7 | |
| 科图分类: | ||
| 主题词: | ||
| 电子资源: | ||
| ISBN: | 7-5350-1953-6 | |
| 000 | 00544nam0 2200181 450 | |
| 001 | 202411192481305929 | |
| 005 | 20241120093816.69 | |
| 010 | @a7-5350-1953-6@dCNY247.5 | |
| 100 | @a20241119d km y0chiy0120 ea | |
| 101 | 0 | @achi |
| 200 | 1 | @a中国通史@AZhong Guo Tong Shi@h第四卷@f戴逸,龚书铎@FDai Yi,Gong Shu Duo |
| 210 | @c海燕出版社 | |
| 215 | @a223页@d20cm | |
| 690 | @aG104.7@v4 | |
| 701 | 0 | @a戴逸@ADai Yi |
| 701 | 0 | @a龚书铎@AGong Shu Duo |
| 801 | 0 | @aCN@b大连网信软件有限公司图书馆·11@c20241120 |
| 905 | @aZUCC@b1439460@dG104.7@e6418:4@f1 | |
| 中国通史.第四卷/戴逸,龚书铎.-海燕出版社 |
| 223页;20cm |
| ISBN 7-5350-1953-6:CNY247.5 |
| ● |
| 相关链接 |
|
|
|
|
正题名:中国通史
索取号:G104.7/6418:4
 
预约/预借
| 序号 | 登录号 | 条形码 | 馆藏地/架位号 | 状态 | 备注 |
| 1 | 1439460 | 214394608 | 密集书库-资源管理系/ [索取号:G104.7/6418:4] | 在馆 |